«La pandemia nos ha pasado factura» : (Registro nro. 232281)
[ vista simple ]
| 000 -CABECERA | |
|---|---|
| campo de control de longitud fija | 01002naa a22002297i 4500 |
| 001 - NÚMERO DE CONTROL | |
| campo de control | 232281 |
| 003 - IDENTIFICADOR DEL NÚMERO DE CONTROL | |
| campo de control | ES-MaBCM |
| 005 - FECHA Y HORA DE LA ÚLTIMA TRANSACCIÓN | |
| campo de control | 20260216130625.0 |
| 008 - CÓDIGOS DE INFORMACIÓN DE LONGITUD FIJA | |
| campo de control de longitud fija | 260216s2025 sp ||||| |||| 00| 0 spa d |
| 040 ## - FUENTE DE LA CATALOGACIÓN | |
| Centro transcriptor | ES-MaBCM |
| 100 1# - PUNTO DE ACCESO PRINCIPAL - NOMBRE DE PERSONA | |
| Nombre de persona | López Doblas, Juan |
| 9 (RLIN) | 69357 |
| 245 14 - MENCIÓN DE TÍTULO | |
| Título | «La pandemia nos ha pasado factura» : |
| Resto del título | la salud mental de las personas mayores viviendo solas en tiempos de la COVID-19 = «The pandemic has taken its toll on us» : the mental health of older people living alone in times of COVID-19 |
| Mención de responsabilidad etc. | Juan López Doblas, María del Pilar Díaz Conde |
| 500 ## - NOTA GENERAL | |
| Nota general | Contiene tablas |
| 504 ## - NOTA DE BIBLIOGRAFÍA, ETC. | |
| Nota de bibliografía etc. | Bibliografía: p. 163-166 |
| 650 #7 - PUNTO DE ACCESO ADICIONAL DE MATERIA--TÉRMINO DE MATERIA | |
| Término de materia o nombre geográfico como elemento inicial | Epidemia |
| 9 (RLIN) | 58578 |
| 650 #0 - PUNTO DE ACCESO ADICIONAL DE MATERIA--TÉRMINO DE MATERIA | |
| Término de materia o nombre geográfico como elemento inicial | Enfermedad por coronavirus |
| 9 (RLIN) | 129538 |
| 650 #7 - PUNTO DE ACCESO ADICIONAL DE MATERIA--TÉRMINO DE MATERIA | |
| Término de materia o nombre geográfico como elemento inicial | Enfermedad mental |
| 9 (RLIN) | 58553 |
| 650 #7 - PUNTO DE ACCESO ADICIONAL DE MATERIA--TÉRMINO DE MATERIA | |
| Término de materia o nombre geográfico como elemento inicial | Tercera edad |
| 9 (RLIN) | 60601 |
| 700 ## - PUNTO DE ACCESO ADICIONAL--NOMBRE DE PERSONA | |
| Nombre de persona | Díaz Conde, María del Pilar |
| 9 (RLIN) | 117208 |
| 773 0# - ENLACE AL DOCUMENTO FUENTE | |
| Lugar editor y fecha de publicación | Madrid |
| Parte(s) relacionada(s) | N. 192 (oct.-dic. 2025), p. 149-166 - Loc. S.031 |
| Título | REIS revista española de investigaciones sociológicas |
| Número de control del registro relacionado | 104569 |
| 942 ## - ELEMENTOS DE PUNTO DE ACCESO ADICIONAL (KOHA) | |
| Fuente del sistema de clasificación o colocación | Universal Decimal Classification |
| Tipo de ítem Koha | Artículos de revistas |
| Estado de retiro | Estado de pérdida | Fuente del sistema de clasificación o colocación | Estado dañado | No para préstamo | Localización permanente | Ubicación/localización actual | Ubicación en estantería | Fecha de adquisición | Total de préstamos | Fecha visto por última vez | Precio válido a partir de | Tipo de ítem Koha |
|---|---|---|---|---|---|---|---|---|---|---|---|---|
| Universal Decimal Classification | Biblioteca Central del Ministerio de la Presidencia | Biblioteca Central del Ministerio de la Presidencia | Sala | 16/02/2026 | 16/02/2026 | 16/02/2026 | Artículos de revistas |
